| 000 | 00886cam a22002651 4500 | ||
|---|---|---|---|
| 999 |
_c174352 _d174352 |
||
| 001 | 6451904 | ||
| 003 | Nust | ||
| 005 | 20170124120414.0 | ||
| 008 | 780424s1942 nyu 000 1 eng | ||
| 010 | _a 42036085 | ||
| 020 | _a0007191197 | ||
| 020 | _a9780007191192 | ||
| 035 | _a(OCoLC)3822435 | ||
| 040 |
_aDLC _cAzFU _dAzFU _dOCoLC _dICFC _dDLC |
||
| 050 | 0 | 0 |
_aPZ3.C4637 _bBm _aPR6005.H66 |
| 082 | 0 | 0 |
_a823.912 _bCHR |
| 100 | 1 |
_aChristie, Agatha, _d1890-1976. |
|
| 245 | 1 | 4 |
_aThe body in the library, _cby Agatha Christie. |
| 260 |
_aNew York, _bDodd, Mead & company, _c1942. |
||
| 300 |
_a302 p. _c21 cm. |
||
| 650 | 0 |
_aMarple, Jane (Fictitious character) _xFiction. |
|
| 650 | 0 |
_aWomen detectives _zEngland _xFiction. |
|
| 655 | 7 |
_aDetective and mystery stories. _2gsafd |
|
| 906 |
_a7 _bcbc _coclcrpl _du _encip _f19 _gy-gencatlg |
||
| 942 |
_2ddc _cBK |
||